[Event "ODJM B 2023"]
[Site "Willingen GER"]
[Date "2023.05.29"]
[Round "3"]
[White "Götz, Timon"]
[Black "Wang, Simon"]
[Result "1/2-1/2"]
[Termination "normal"]
[Board "16"]
[WhiteElo "1570"]
[BlackElo "1483"]
[WhiteClock "00:03:18"]
[BlackClock "00:04:32"]
[PlyCount "135"]
[WhiteFideId "16245040"]
[BlackFideId "34605398"]
[EventCountry "GER"]
[EventRounds "9"]
[EventType "swiss"]
[EventDate "2023.05.27"]

1. c4 {[%clk 01:30:57]} {[%emt 00:00:03]} e5 {[%clk 01:30:53]} {[%emt
00:00:08]} 2. g3 {[%clk 01:31:18]} {[%emt 00:00:09]} Nc6 {[%clk 01:31:16]}
{[%emt 00:00:07]} 3. Bg2 {[%clk 01:31:28]} {[%emt 00:00:19]} Nf6 {[%clk
01:31:34]} {[%emt 00:00:12]} 4. Nc3 {[%clk 01:31:12]} {[%emt 00:00:46]} Bc5
{[%clk 01:31:57]} {[%emt 00:00:07]} 5. e3 {[%clk 01:28:27]} {[%emt 00:03:16]}
d6 {[%clk 01:32:20]} {[%emt 00:00:06]} 6. Qc2 {[%clk 01:28:00]} {[%emt
00:00:58]} a6 {[%clk 01:30:00]} {[%emt 00:02:50]} 7. a3 {[%clk 01:28:09]}
{[%emt 00:00:20]} Be6 {[%clk 01:24:44]} {[%emt 00:05:46]} 8. d3 {[%clk
01:28:23]} {[%emt 00:00:17]} a5 {[%clk 01:19:00]} {[%emt 00:06:14]} 9. Nf3
{[%clk 01:26:45]} {[%emt 00:02:07]} h6 {[%clk 01:17:21]} {[%emt 00:02:09]} 10.
b3 {[%clk 01:26:00]} {[%emt 00:01:15]} Qd7 {[%clk 01:15:18]} {[%emt 00:02:34]}
11. O-O {[%clk 01:21:42]} {[%emt 00:04:47]} Bh3 {[%clk 01:14:45]} {[%emt
00:01:02]} 12. Nb5 {[%clk 01:21:40]} {[%emt 00:00:33]} Bxg2 {[%clk 01:12:15]}
{[%emt 00:03:00]} 13. Kxg2 {[%clk 01:22:02]} {[%emt 00:00:07]} O-O {[%clk
01:12:08]} {[%emt 00:00:39]} 14. Bb2 {[%clk 01:22:23]} {[%emt 00:00:09]} Na7
{[%clk 01:06:30]} {[%emt 00:06:07]} 15. d4 {[%clk 01:16:24]} {[%emt 00:06:29]}
exd4 {[%clk 01:05:43]} {[%emt 00:01:19]} 16. exd4 {[%clk 01:11:06]} {[%emt
00:05:46]} Bb6 {[%clk 01:04:07]} {[%emt 00:02:06]} 17. Nc3 {[%clk 01:07:21]}
{[%emt 00:04:15]} c6 {[%clk 01:03:29]} {[%emt 00:01:09]} 18. Rad1 {[%clk
01:00:36]} {[%emt 00:07:14]} d5 {[%clk 01:00:47]} {[%emt 00:03:13]} 19. Ne5
{[%clk 00:59:15]} {[%emt 00:01:50]} Qc8 {[%clk 00:54:54]} {[%emt 00:06:23]} 20.
c5 {[%clk 00:56:34]} {[%emt 00:03:12]} Bc7 {[%clk 00:53:58]} {[%emt 00:01:26]}
21. Rfe1 {[%clk 00:49:52]} {[%emt 00:07:11]} Re8 {[%clk 00:47:25]} {[%emt
00:07:03]} 22. Re2 {[%clk 00:43:46]} {[%emt 00:06:37]} Nd7 {[%clk 00:38:30]}
{[%emt 00:09:25]} 23. Nxd7 {[%clk 00:30:09]} {[%emt 00:14:06]} Qxd7 {[%clk
00:38:48]} {[%emt 00:00:12]} 24. Rde1 {[%clk 00:30:14]} {[%emt 00:00:25]} Re6
{[%clk 00:36:24]} {[%emt 00:02:54]} 25. Rxe6 {[%clk 00:29:47]} {[%emt
00:00:57]} fxe6 {[%clk 00:36:31]} {[%emt 00:00:23]} 26. Qg6 {[%clk 00:29:02]}
{[%emt 00:01:14]} Re8 {[%clk 00:36:43]} {[%emt 00:00:19]} 27. Nb1 {[%clk
00:24:00]} {[%emt 00:05:33]} Qf7 {[%clk 00:34:21]} {[%emt 00:02:52]} 28. Qg4
{[%clk 00:23:16]} {[%emt 00:01:10]} h5 {[%clk 00:24:17]} {[%emt 00:10:38]} 29.
Qg5 {[%clk 00:22:18]} {[%emt 00:01:27]} Rf8 {[%clk 00:23:15]} {[%emt 00:01:32]}
30. Qe3 {[%clk 00:22:02]} {[%emt 00:00:46]} Re8 {[%clk 00:22:02]} {[%emt
00:01:44]} 31. Nd2 {[%clk 00:22:23]} {[%emt 00:00:08]} g6 {[%clk 00:19:29]}
{[%emt 00:03:04]} 32. Nf3 {[%clk 00:22:35]} {[%emt 00:00:18]} Bd8 {[%clk
00:17:24]} {[%emt 00:02:35]} 33. h4 {[%clk 00:20:57]} {[%emt 00:02:08]} Nc8
{[%clk 00:16:50]} {[%emt 00:01:04]} 34. Bc3 {[%clk 00:21:03]} {[%emt 00:00:23]}
Kg7 {[%clk 00:14:58]} {[%emt 00:02:23]} 35. Bd2 {[%clk 00:20:09]} {[%emt
00:01:23]} Kg8 {[%clk 00:14:07]} {[%emt 00:01:21]} 36. Ne5 {[%clk 00:18:35]}
{[%emt 00:02:05]} Qg7 {[%clk 00:13:18]} {[%emt 00:01:18]} 37. Qd3 {[%clk
00:15:09]} {[%emt 00:03:56]} Ne7 {[%clk 00:12:16]} {[%emt 00:01:32]} 38. b4
{[%clk 00:14:24]} {[%emt 00:01:16]} axb4 {[%clk 00:12:18]} {[%emt 00:00:28]}
39. axb4 {[%clk 00:14:39]} {[%emt 00:00:15]} Bc7 {[%clk 00:12:06]} {[%emt
00:00:42]} 40. Bf4 {[%clk 00:14:36]} {[%emt 00:00:32]} Bxe5 {[%clk 00:12:20]}
{[%emt 00:00:17]} 41. Bxe5 {[%clk 00:14:48]} {[%emt 00:00:18]} Qf7 {[%clk
00:12:31]} {[%emt 00:00:18]} 42. Qe2 {[%clk 00:08:35]} {[%emt 00:06:44]} Nf5
{[%clk 00:10:37]} {[%emt 00:02:24]} 43. Ra1 {[%clk 00:07:03]} {[%emt 00:02:02]}
Qd7 {[%clk 00:07:58]} {[%emt 00:03:08]} 44. Kh3 {[%clk 00:04:05]} {[%emt
00:03:28]} Nh6 {[%clk 00:23:07]} {[%emt 00:15:22]} 45. f3 {[%clk 00:24:34]}
{[%emt 00:10:00]} Qf7 {[%clk 00:22:45]} {[%emt 00:00:51]} 46. Re1 {[%clk
00:22:48]} {[%emt 00:02:18]} Kh7 {[%clk 00:21:01]} {[%emt 00:02:14]} 47. Bf4
{[%clk 00:16:43]} {[%emt 00:06:34]} Qf5+ {[%clk 00:19:17]} {[%emt 00:02:14]}
48. Kg2 {[%clk 00:15:50]} {[%emt 00:01:23]} Qf6 {[%clk 00:18:32]} {[%emt
00:01:15]} 49. Qd3 {[%clk 00:14:42]} {[%emt 00:01:38]} Nf5 {[%clk 00:17:42]}
{[%emt 00:01:18]} 50. Be5 {[%clk 00:13:34]} {[%emt 00:01:41]} Qf7 {[%clk
00:17:07]} {[%emt 00:01:04]} 51. Rh1 {[%clk 00:13:18]} {[%emt 00:00:46]} Nh6
{[%clk 00:15:19]} {[%emt 00:02:19]} 52. b5 {[%clk 00:11:35]} {[%emt 00:02:13]}
Rf8 {[%clk 00:12:09]} {[%emt 00:03:39]} 53. bxc6 {[%clk 00:10:58]} {[%emt
00:01:07]} bxc6 {[%clk 00:12:30]} {[%emt 00:00:09]} 54. Rb1 {[%clk 00:10:53]}
{[%emt 00:00:35]} Ra8 {[%clk 00:09:27]} {[%emt 00:03:32]} 55. Qb3 {[%clk
00:08:22]} {[%emt 00:03:02]} Ra7 {[%clk 00:07:19]} {[%emt 00:02:39]} 56. Rb2
{[%clk 00:08:40]} {[%emt 00:00:12]} Ng8 {[%clk 00:06:35]} {[%emt 00:01:13]} 57.
Qb6 {[%clk 00:08:05]} {[%emt 00:01:04]} Qd7 {[%clk 00:06:29]} {[%emt 00:00:37]}
58. Qb4 {[%clk 00:06:34]} {[%emt 00:01:57]} Qc8 {[%clk 00:05:10]} {[%emt
00:01:54]} 59. Bd6 {[%clk 00:06:37]} {[%emt 00:00:27]} Nh6 {[%clk 00:04:27]}
{[%emt 00:01:12]} 60. Qe1 {[%clk 00:05:46]} {[%emt 00:01:21]} Rb7 {[%clk
00:04:17]} {[%emt 00:00:41]} 61. Re2 {[%clk 00:06:02]} {[%emt 00:00:13]} Nf7
{[%clk 00:03:54]} {[%emt 00:00:54]} 62. Rxe6 {[%clk 00:05:53]} {[%emt
00:00:39]} Rb2+ {[%clk 00:03:43]} {[%emt 00:00:41]} 63. Re2 {[%clk 00:05:02]}
{[%emt 00:01:20]} Rxe2+ {[%clk 00:04:04]} {[%emt 00:00:08]} 64. Qxe2 {[%clk
00:05:26]} {[%emt 00:00:07]} Qd7 {[%clk 00:03:25]} {[%emt 00:01:08]} 65. Qe7
{[%clk 00:04:01]} {[%emt 00:01:57]} Qf5 {[%clk 00:03:44]} {[%emt 00:00:10]} 66.
Qe2 {[%clk 00:03:56]} {[%emt 00:00:35]} Qd7 {[%clk 00:04:07]} {[%emt 00:00:07]}
67. Qe7 {[%clk 00:03:26]} {[%emt 00:01:00]} Qf5 {[%clk 00:04:32]} {[%emt
00:00:05]} 68. Qe2 {[%clk 00:03:18]} {[%emt 00:00:36]} 1/2-1/2

[Event "ODJM B 2023"]
[Site "Willingen GER"]
[Date "2023.05.29"]
[Round "3"]
[White "Selzer, Luca"]
[Black "Hoffmann, Sophia"]
[Result "1-0"]
[Termination "normal"]
[Board "17"]
[WhiteElo "1472"]
[BlackElo "1315"]
[WhiteClock "01:12:12"]
[BlackClock "00:33:54"]
[PlyCount "47"]
[WhiteFideId "34660364"]
[BlackFideId "16259130"]
[EventCountry "GER"]
[EventRounds "9"]
[EventType "swiss"]
[EventDate "2023.05.27"]

1. d4 {[%clk 01:30:59]} {[%emt 18:18:22]} d5 {[%clk 01:30:55]} {[%emt
00:00:03]} 2. c4 {[%clk 01:31:25]} {[%emt 00:00:04]} e6 {[%clk 01:31:21]}
{[%emt 00:00:04]} 3. Nc3 {[%clk 01:31:37]} {[%emt 00:00:18]} Nf6 {[%clk
01:31:25]} {[%emt 00:00:26]} 4. Bf4 {[%clk 01:31:37]} {[%emt 00:00:30]} Bd6
{[%clk 01:31:06]} {[%emt 00:00:49]} 5. Bg3 {[%clk 01:32:01]} {[%emt 00:00:05]}
Nbd7 {[%clk 01:30:16]} {[%emt 00:01:21]} 6. Bxd6 {[%clk 01:29:13]} {[%emt
00:03:18]} cxd6 {[%clk 01:30:38]} {[%emt 00:00:08]} 7. cxd5 {[%clk 01:29:37]}
{[%emt 00:00:06]} exd5 {[%clk 01:21:08]} {[%emt 00:10:00]} 8. e3 {[%clk
01:29:48]} {[%emt 00:00:18]} Nb6 {[%clk 01:20:16]} {[%emt 00:01:23]} 9. Nge2
{[%clk 01:26:09]} {[%emt 00:04:09]} Be6 {[%clk 01:13:49]} {[%emt 00:06:57]} 10.
g3 {[%clk 01:25:38]} {[%emt 00:01:02]} Rc8 {[%clk 01:11:27]} {[%emt 00:02:52]}
11. Bg2 {[%clk 01:25:07]} {[%emt 00:01:00]} Qd7 {[%clk 01:10:32]} {[%emt
00:01:26]} 12. h4 {[%clk 01:24:13]} {[%emt 00:01:23]} Nc4 {[%clk 01:05:47]}
{[%emt 00:05:16]} 13. Qc2 {[%clk 01:22:59]} {[%emt 00:01:43]} Bf5 {[%clk
00:54:42]} {[%emt 00:11:35]} 14. Qb3 {[%clk 01:19:38]} {[%emt 00:03:50]} Be4
{[%clk 00:47:44]} {[%emt 00:07:29]} 15. Nxe4 {[%clk 01:16:00]} {[%emt
00:04:09]} dxe4 {[%clk 00:46:53]} {[%emt 00:01:20]} 16. Bh3 {[%clk 01:14:17]}
{[%emt 00:02:13]} Ng4 {[%clk 00:44:40]} {[%emt 00:02:43]} 17. Nc3 {[%clk
01:14:35]} {[%emt 00:00:09]} f5 {[%clk 00:38:56]} {[%emt 00:06:17]} 18. Bxg4
{[%clk 01:14:30]} {[%emt 00:00:35]} fxg4 {[%clk 00:39:14]} {[%emt 00:00:12]}
19. Nxe4 {[%clk 01:14:30]} {[%emt 00:00:30]} Qc6 {[%clk 00:38:07]} {[%emt
00:01:37]} 20. Qxc4 {[%clk 01:13:20]} {[%emt 00:01:41]} Qxe4 {[%clk 00:35:17]}
{[%emt 00:03:19]} 21. Qxc8+ {[%clk 01:13:43]} {[%emt 00:00:07]} Kf7 {[%clk
00:35:26]} {[%emt 00:00:15]} 22. Qd7+ {[%clk 01:11:30]} {[%emt 00:02:48]} Kf6
{[%clk 00:33:44]} {[%emt 00:02:11]} 23. Qxd6+ {[%clk 01:11:50]} {[%emt
00:00:12]} Kf7 {[%clk 00:33:54]} {[%emt 00:00:18]} 24. Qf4+ {[%clk 01:12:12]}
{[%emt 00:00:10]} 1-0

[Event "ODJM B 2023"]
[Site "Willingen GER"]
[Date "2023.05.29"]
[Round "3"]
[White "Hartwig, Eric-Jordan"]
[Black "Khanbekyan, Areg"]
[Result "0-1"]
[Termination "normal"]
[Board "18"]
[WhiteElo "1534"]
[BlackElo "1606"]
[WhiteClock "00:13:45"]
[BlackClock "00:02:03"]
[PlyCount "60"]
[WhiteFideId "16298454"]
[BlackFideId "12993727"]
[EventCountry "GER"]
[EventRounds "9"]
[EventType "swiss"]
[EventDate "2023.05.27"]

1. e4 {[%clk 01:30:58]} {[%emt 00:00:02]} c5 {[%clk 01:30:29]} {[%emt
00:00:32]} 2. Nc3 {[%clk 01:31:22]} {[%emt 00:00:06]} Nc6 {[%clk 01:30:39]}
{[%emt 00:00:20]} 3. g3 {[%clk 01:31:47]} {[%emt 00:00:05]} g6 {[%clk
01:30:56]} {[%emt 00:00:13]} 4. Bg2 {[%clk 01:32:12]} {[%emt 00:00:05]} Bg7
{[%emt 00:00:50]} 5. d3 {[%clk 01:32:33]} e6 {[%clk 01:28:31]} {[%emt
00:02:43]} 6. Be3 {[%clk 01:32:29]} {[%emt 00:00:34]} b6 {[%clk 01:27:38]}
{[%emt 00:01:23]} 7. Nge2 {[%clk 01:29:38]} {[%emt 00:03:21]} Nge7 {[%clk
01:27:32]} {[%emt 00:00:36]} 8. Qd2 {[%clk 01:29:49]} {[%emt 00:00:19]} O-O
{[%clk 01:25:59]} {[%emt 00:02:04]} 9. Bh6 {[%clk 01:26:54]} {[%emt 00:03:25]}
d5 {[%clk 01:15:43]} {[%emt 00:10:45]} 10. Bxg7 {[%clk 01:27:08]} {[%emt
00:00:17]} Kxg7 {[%clk 01:16:08]} {[%emt 00:00:05]} 11. exd5 {[%clk 01:20:12]}
{[%emt 00:07:26]} exd5 {[%clk 01:12:19]} {[%emt 00:04:19]} 12. O-O {[%clk
01:13:54]} {[%emt 00:06:47]} Bb7 {[%clk 00:52:09]} {[%emt 00:20:39]} 13. Nf4
{[%clk 01:07:01]} {[%emt 00:07:25]} Nd4 {[%clk 00:42:35]} {[%emt 00:10:03]} 14.
Nd1 {[%clk 01:02:57]} {[%emt 00:04:34]} Qd7 {[%clk 00:36:13]} {[%emt 00:06:51]}
15. c3 {[%clk 00:58:25]} {[%emt 00:05:04]} Ne6 {[%clk 00:27:47]} {[%emt
00:08:55]} 16. Bh3 {[%clk 00:49:48]} {[%emt 00:09:07]} Nf5 {[%clk 00:16:59]}
{[%emt 00:11:18]} 17. Nh5+ {[%clk 00:41:35]} {[%emt 00:08:44]} Kh8 {[%clk
00:04:44]} {[%emt 00:12:44]} 18. Bxf5 {[%clk 00:41:14]} {[%emt 00:00:51]} Nd4
{[%clk 00:04:09]} {[%emt 00:01:06]} 19. Bxd7 {[%clk 00:33:13]} {[%emt
00:08:31]} Nf3+ {[%clk 00:04:28]} {[%emt 00:00:10]} 20. Kg2 {[%clk 00:33:38]}
{[%emt 00:00:06]} Nxd2 {[%clk 00:04:53]} {[%emt 00:00:04]} 21. Nf4 {[%clk
00:33:33]} {[%emt 00:00:35]} d4+ {[%clk 00:04:31]} {[%emt 00:00:53]} 22. f3
{[%clk 00:33:01]} {[%emt 00:01:02]} Nxf1 {[%clk 00:04:50]} {[%emt 00:00:10]}
23. Kxf1 {[%clk 00:33:26]} {[%emt 00:00:05]} Bxf3 {[%clk 00:05:12]} {[%emt
00:00:08]} 24. cxd4 {[%clk 00:33:22]} {[%emt 00:00:34]} Rad8 {[%clk 00:03:33]}
{[%emt 00:02:09]} 25. Bb5 {[%clk 00:33:18]} {[%emt 00:00:35]} Rxd4 {[%clk
00:03:48]} {[%emt 00:00:15]} 26. Ne3 {[%clk 00:32:59]} {[%emt 00:00:48]} g5
{[%clk 00:03:03]} {[%emt 00:01:15]} 27. Ne2 {[%clk 00:32:29]} {[%emt 00:01:00]}
Rb4 {[%clk 00:03:14]} {[%emt 00:00:19]} 28. Ng1 {[%clk 00:17:38]} {[%emt
00:15:21]} Bb7 {[%clk 00:02:17]} {[%emt 00:01:28]} 29. Bc4 {[%clk 00:16:34]}
{[%emt 00:01:34]} Rxb2 {[%clk 00:02:24]} {[%emt 00:00:22]} 30. Nh3 {[%clk
00:13:45]} {[%emt 00:03:18]} Rxh2 {[%clk 00:02:03]} {[%emt 00:00:53]} 0-1

[Event "ODJM B 2023"]
[Site "Willingen GER"]
[Date "2023.05.29"]
[Round "3"]
[White "Fock, Madiha"]
[Black "Strohschän, Michel"]
[Result "0-1"]
[Termination "normal"]
[Board "19"]
[WhiteElo "1493"]
[BlackElo "1718"]
[WhiteClock "00:14:39"]
[BlackClock "00:11:13"]
[PlyCount "86"]
[WhiteFideId "16253574"]
[BlackFideId "34630465"]
[EventCountry "GER"]
[EventRounds "9"]
[EventType "swiss"]
[EventDate "2023.05.27"]

1. e4 {[%clk 01:30:59]} {[%emt 03:02:30]} c6 {[%clk 01:30:47]} {[%emt
00:00:13]} 2. d4 {[%clk 01:31:26]} {[%emt 00:00:04]} d5 {[%clk 01:31:11]}
{[%emt 00:00:06]} 3. Nd2 {[%clk 01:31:53]} {[%emt 00:00:03]} dxe4 {[%clk
01:31:30]} {[%emt 00:00:11]} 4. Nxe4 {[%clk 01:32:19]} {[%emt 00:00:04]} Nf6
{[%clk 01:31:51]} {[%emt 00:00:08]} 5. Nxf6+ {[%clk 01:32:46]} {[%emt
00:00:03]} exf6 {[%clk 01:32:17]} {[%emt 00:00:05]} 6. c3 {[%clk 01:33:07]}
{[%emt 00:00:09]} Bd6 {[%clk 01:32:10]} {[%emt 00:00:36]} 7. Bd3 {[%clk
01:33:28]} {[%emt 00:00:09]} O-O {[%clk 01:31:30]} {[%emt 00:01:10]} 8. Ne2
{[%clk 01:33:45]} {[%emt 00:00:14]} Re8 {[%clk 01:31:14]} {[%emt 00:00:45]} 9.
Be3 {[%clk 01:33:44]} {[%emt 00:00:31]} Nd7 {[%clk 01:31:23]} {[%emt 00:00:20]}
10. Qd2 {[%clk 01:33:41]} {[%emt 00:00:34]} Nf8 {[%clk 01:31:16]} {[%emt
00:00:37]} 11. O-O-O {[%clk 01:32:56]} {[%emt 00:01:16]} Be6 {[%clk 01:30:14]}
{[%emt 00:01:31]} 12. Bb1 {[%clk 01:27:48]} {[%emt 00:05:39]} b5 {[%clk
01:26:45]} {[%emt 00:03:58]} 13. Nf4 {[%clk 01:23:09]} {[%emt 00:05:09]} Bd5
{[%clk 01:19:41]} {[%emt 00:07:33]} 14. Nxd5 {[%clk 01:21:10]} {[%emt
00:02:30]} cxd5 {[%clk 01:20:09]} {[%emt 00:00:02]} 15. Bd3 {[%clk 01:10:56]}
{[%emt 00:10:44]} Qa5 {[%clk 01:08:29]} {[%emt 00:12:10]} 16. Kb1 {[%clk
01:07:07]} {[%emt 00:04:20]} Rac8 {[%clk 01:08:26]} {[%emt 00:00:32]} 17. Rc1
{[%clk 01:04:07]} {[%emt 00:03:31]} Rc6 {[%clk 01:03:21]} {[%emt 00:05:34]} 18.
Qe2 {[%clk 00:59:04]} {[%emt 00:05:33]} Rec8 {[%clk 00:58:56]} {[%emt
00:04:55]} 19. Qh5 {[%clk 00:54:57]} {[%emt 00:04:37]} b4 {[%clk 00:54:51]}
{[%emt 00:04:36]} 20. c4 {[%clk 00:53:21]} {[%emt 00:02:06]} Ra6 {[%clk
00:50:19]} {[%emt 00:05:02]} 21. c5 {[%clk 00:49:30]} {[%emt 00:04:20]} Qxa2+
{[%clk 00:50:11]} {[%emt 00:00:37]} 22. Kc2 {[%clk 00:49:56]} {[%emt 00:00:05]}
Ra3 {[%clk 00:45:32]} {[%emt 00:05:09]} 23. Kd2 {[%clk 00:45:14]} {[%emt
00:05:12]} Qxb2+ {[%clk 00:44:22]} {[%emt 00:01:40]} 24. Rc2 {[%clk 00:45:37]}
{[%emt 00:00:07]} Qb3 {[%clk 00:43:55]} {[%emt 00:00:56]} 25. Qe2 {[%clk
00:42:54]} {[%emt 00:03:14]} Bc7 {[%clk 00:43:45]} {[%emt 00:00:40]} 26. Rhc1
{[%clk 00:41:21]} {[%emt 00:02:04]} Ba5 {[%clk 00:43:10]} {[%emt 00:01:05]} 27.
Ba6 {[%clk 00:40:37]} {[%emt 00:01:13]} Rc7 {[%clk 00:38:50]} {[%emt 00:04:50]}
28. Ke1 {[%clk 00:40:09]} {[%emt 00:00:58]} Qa4 {[%clk 00:37:39]} {[%emt
00:01:41]} 29. Rb2 {[%clk 00:35:04]} {[%emt 00:05:36]} b3+ {[%clk 00:36:36]}
{[%emt 00:01:32]} 30. Kf1 {[%clk 00:35:20]} {[%emt 00:00:14]} Bb4 {[%clk
00:31:27]} {[%emt 00:05:38]} 31. Bf4 {[%clk 00:31:26]} {[%emt 00:04:25]} Ra1
{[%clk 00:25:53]} {[%emt 00:06:04]} 32. Rbb1 {[%clk 00:30:03]} {[%emt
00:01:53]} Rxb1 {[%clk 00:24:31]} {[%emt 00:01:51]} 33. Rxb1 {[%clk 00:30:24]}
{[%emt 00:00:10]} Rc6 {[%clk 00:23:54]} {[%emt 00:01:07]} 34. Bb5 {[%clk
00:30:16]} {[%emt 00:00:38]} Qa2 {[%clk 00:23:42]} {[%emt 00:00:42]} 35. Qd3
{[%clk 00:26:00]} {[%emt 00:04:47]} Re6 {[%clk 00:19:14]} {[%emt 00:04:58]} 36.
Be3 {[%clk 00:25:53]} {[%emt 00:00:37]} b2 {[%clk 00:18:51]} {[%emt 00:00:52]}
37. Qc2 {[%clk 00:24:50]} {[%emt 00:01:33]} Bc3 {[%clk 00:18:11]} {[%emt
00:01:11]} 38. c6 {[%clk 00:20:45]} {[%emt 00:04:34]} Re8 {[%clk 00:15:48]}
{[%emt 00:02:53]} 39. Bd3 {[%clk 00:20:15]} {[%emt 00:01:00]} Qa5 {[%clk
00:15:52]} {[%emt 00:00:27]} 40. Qb3 {[%clk 00:15:55]} {[%emt 00:04:50]} Ne6
{[%clk 00:14:34]} {[%emt 00:01:47]} 41. Bf5 {[%clk 00:14:31]} {[%emt 00:01:54]}
Nxd4 {[%clk 00:10:54]} {[%emt 00:04:09]} 42. Bxd4 {[%clk 00:14:50]} {[%emt
00:00:12]} Bxd4 {[%clk 00:11:17]} {[%emt 00:00:07]} 43. Qb7 {[%clk 00:14:39]}
{[%emt 00:00:42]} Qd2 {[%clk 00:11:13]} {[%emt 00:00:32]} 0-1

[Event "ODJM B 2023"]
[Site "Willingen GER"]
[Date "2023.05.29"]
[Round "3"]
[White "Weis, Constantin"]
[Black "Mohebbi, Sam"]
[Result "1-0"]
[Termination "normal"]
[Board "20"]
[WhiteElo "1677"]
[BlackElo "1555"]
[WhiteClock "00:26:44"]
[BlackClock "00:42:32"]
[PlyCount "85"]
[WhiteFideId "16286197"]
[BlackFideId "34607293"]
[EventCountry "GER"]
[EventRounds "9"]
[EventType "swiss"]
[EventDate "2023.05.27"]

1. e4 {[%clk 01:30:48]} {[%emt 00:00:11]} e6 {[%clk 01:30:46]} {[%emt
00:00:15]} 2. d4 {[%clk 01:31:00]} {[%emt 00:00:18]} d5 {[%clk 01:31:01]}
{[%emt 00:00:15]} 3. Bd3 {[%clk 01:30:28]} {[%emt 00:01:02]} dxe4 {[%clk
01:30:22]} {[%emt 00:01:04]} 4. Bxe4 {[%clk 01:29:56]} {[%emt 00:01:07]} Nf6
{[%clk 01:28:14]} {[%emt 00:02:38]} 5. Bf3 {[%clk 01:30:02]} {[%emt 00:00:24]}
Be7 {[%clk 01:25:51]} {[%emt 00:02:52]} 6. Ne2 {[%clk 01:29:38]} {[%emt
00:00:54]} O-O {[%clk 01:24:21]} {[%emt 00:02:01]} 7. O-O {[%clk 01:28:53]}
{[%emt 00:01:15]} Nbd7 {[%clk 01:22:21]} {[%emt 00:02:30]} 8. c4 {[%clk
01:20:48]} {[%emt 00:08:35]} c5 {[%clk 01:17:53]} {[%emt 00:04:58]} 9. Nbc3
{[%clk 01:14:12]} {[%emt 00:07:05]} cxd4 {[%clk 01:14:54]} {[%emt 00:03:31]}
10. Nxd4 {[%clk 01:10:00]} {[%emt 00:04:40]} Ne5 {[%clk 01:14:27]} {[%emt
00:00:58]} 11. Be2 {[%clk 01:08:20]} {[%emt 00:02:08]} Bd7 {[%clk 01:07:18]}
{[%emt 00:07:41]} 12. Be3 {[%clk 01:06:45]} {[%emt 00:02:03]} a6 {[%clk
01:00:29]} {[%emt 00:07:21]} 13. Nb3 {[%clk 00:50:22]} {[%emt 00:16:52]} Rc8
{[%clk 00:59:05]} {[%emt 00:01:55]} 14. Qd4 {[%clk 00:50:31]} {[%emt 00:00:20]}
Nc6 {[%clk 00:55:21]} {[%emt 00:04:15]} 15. Qd2 {[%clk 00:47:33]} {[%emt
00:03:27]} Bb4 {[%clk 00:47:43]} {[%emt 00:08:09]} 16. a3 {[%clk 00:41:13]}
{[%emt 00:06:50]} Be7 {[%clk 00:43:46]} {[%emt 00:04:27]} 17. Nc5 {[%clk
00:33:16]} {[%emt 00:08:27]} Bxc5 {[%clk 00:43:19]} {[%emt 00:00:57]} 18. Bxc5
{[%clk 00:33:38]} {[%emt 00:00:08]} Re8 {[%clk 00:43:46]} {[%emt 00:00:03]} 19.
Qe3 {[%clk 00:32:03]} {[%emt 00:02:03]} Qc7 {[%clk 00:43:31]} {[%emt 00:00:47]}
20. Rfd1 {[%clk 00:27:01]} {[%emt 00:05:32]} Qe5 {[%clk 00:42:36]} {[%emt
00:01:25]} 21. Qxe5 {[%clk 00:26:50]} {[%emt 00:00:41]} Nxe5 {[%clk 00:42:58]}
{[%emt 00:00:07]} 22. Bd4 {[%clk 00:26:34]} {[%emt 00:00:47]} Neg4 {[%clk
00:38:58]} {[%emt 00:04:30]} 23. Bxg4 {[%clk 00:25:51]} {[%emt 00:01:13]} Nxg4
{[%clk 00:39:17]} {[%emt 00:00:12]} 24. Bxg7 {[%clk 00:24:57]} {[%emt
00:01:23]} Kxg7 {[%clk 00:39:04]} {[%emt 00:00:43]} 25. Rxd7 {[%clk 00:25:25]}
{[%emt 00:00:02]} Rxc4 {[%clk 00:38:51]} {[%emt 00:00:43]} 26. h3 {[%clk
00:20:59]} {[%emt 00:04:55]} Ne5 {[%clk 00:36:42]} {[%emt 00:02:40]} 27. Rxb7
{[%clk 00:21:27]} {[%emt 00:00:02]} Nd3 {[%clk 00:36:20]} {[%emt 00:00:52]} 28.
Nd1 {[%clk 00:18:21]} {[%emt 00:03:36]} Rec8 {[%clk 00:34:51]} {[%emt
00:01:59]} 29. Kf1 {[%clk 00:15:56]} {[%emt 00:02:54]} R8c6 {[%clk 00:33:30]}
{[%emt 00:01:52]} 30. Ne3 {[%clk 00:14:30]} {[%emt 00:01:55]} R4c5 {[%clk
00:32:21]} {[%emt 00:01:40]} 31. Rd1 {[%clk 00:11:07]} {[%emt 00:03:51]} Rd6
{[%clk 00:27:35]} {[%emt 00:05:18]} 32. g3 {[%clk 00:10:32]} {[%emt 00:01:05]}
Rc1 {[%clk 00:26:42]} {[%emt 00:01:23]} 33. Rxc1 {[%clk 00:09:56]} {[%emt
00:01:06]} Nxc1 {[%clk 00:27:02]} {[%emt 00:00:10]} 34. b4 {[%clk 00:09:00]}
{[%emt 00:01:25]} Nd3 {[%clk 00:23:26]} {[%emt 00:04:06]} 35. a4 {[%clk
00:08:29]} {[%emt 00:01:02]} Rd4 {[%clk 00:22:27]} {[%emt 00:01:30]} 36. Ke2
{[%clk 00:07:35]} {[%emt 00:01:23]} Nxb4 {[%clk 00:22:31]} {[%emt 00:00:26]}
37. Rb6 {[%clk 00:06:53]} {[%emt 00:01:06]} h5 {[%clk 00:18:45]} {[%emt
00:04:22]} 38. Ng2 {[%clk 00:04:17]} {[%emt 00:03:05]} e5 {[%clk 00:18:12]}
{[%emt 00:01:04]} 39. Ne3 {[%clk 00:04:36]} {[%emt 00:00:11]} Kg8 {[%clk
00:16:29]} {[%emt 00:02:13]} 40. Nf5 {[%clk 00:03:50]} {[%emt 00:01:15]} Rc4
{[%clk 00:16:08]} {[%emt 00:00:52]} 41. Nd6 {[%clk 00:26:34]} {[%emt 00:07:46]}
Rd4 {[%clk 00:42:33]} {[%emt 00:04:04]} 42. Rb8+ {[%clk 00:26:17]} {[%emt
00:00:47]} Kg7 {[%clk 00:42:32]} {[%emt 00:00:32]} 43. Nf5+ {[%clk 00:26:44]}
{[%emt 00:00:03]} 1-0